000 00860nas a2200253 4500
001 BR8501123
003 BR-BrBNA
005 20231205090131.0
007 ta
008 230509b bl.|||p| |||| 00| 00por d
040 _aBR-BrBNA
_bpor
_cBiblioteca Nacional de Agricultura
041 _a(Pt)
072 _aL10
100 1 _aCarregal, R.D.
100 1 _aLui, J.F.
245 1 _aInfluencia da habilidade materna e da capacidade geral de combinacao em cruzamentos de racas de coelhos
246 1 _aInfluence of maternal abilities and general capacity of combining in crossbred rabits
650 _aCOELHO
650 _aCRUZAMENTO ANIMAL
650 _aRACA
773 0 _tRevista da Sociedade Brasileira de Zootecnia (Brazil)
_xISSN 0100-4859
_g(1984), v. 13(4) p. 440-446
_wBR8501123
909 _a202311
_bLúcia
_c55
_dLúcia Elande
942 _2AGRIS
_n0
_cANA
999 _c116326
_d116326